000 01111nam a22003017i 4500
003 DO-SdBNP
005 20260317112812.0
007 ta
008 211130b2019 ||||| |||| 00| 0 spa d
020 _a9789945169300
040 _aDO-SdBNP
_bspa
_cBNPHU
_erda
041 _aspa
082 _axxx
_bF316s
_222
100 0 _aFéliz Franco, Natacha
_eautor
_975816
245 1 0 _aSemblaza del escritor banilejo Héctor Colombino Perelló /
_cNatacha Féliz Franco
250 _aSegunda edición
264 _aSanto Domingo :
_bBúho,
_c2019.
300 _a37 páginas :
_bilustraciones
_c22 cm
336 _ardacontent
_btexto
_2txt
337 _ardamedia
_bsin mediación
_2n
338 _ardacarrier
_bvolumen
_2nc
505 _aDedicatoria 7 – Presentación de Juan E. Báez Melo editor de la primera edición 9 – Héctor Colombino Perelló y el costumbrismo 11 – Entrañable 16 – Héctor Colombino Perelló 19
590 _aInventariado, 2021 / DG
600 _aPerelló Guerrero, Héctor Colombino
_xBiografías
_980770
650 _aAutores dominicanos
_91890
910 _aD/G
942 _2ddc
_cLBS1
999 _c51067
_d51067